Central Library OPAC University of Rajshahi

অজেয় / (Record no. 74261)

MARC details
000 -LEADER
fixed length control field 00806nam a2200241 a 4500
001 - CONTROL NUMBER
control field 74261
003 - CONTROL NUMBER IDENTIFIER
rucl marc code BD-RjUL
005 - DATE AND TIME OF LATEST TRANSACTION
control field 20211209082527.0
008 - FIXED-LENGTH DATA ELEMENTS--GENERAL INFORMATION
fixed length control field 180422s2010 bg a|||| b||| 00| 1 ben d
020 ## - INTERNATIONAL STANDARD BOOK NUMBER
International Standard Book Number 9789842001130
Terms of availability Tk.400.00
035 ## - SYSTEM CONTROL NUMBER
System control number (BD-RjUL)74479
040 ## - CATALOGING SOURCE
Original cataloging agency BD-RjUL
Language of cataloging eng
Transcribing agency BD-RjUL
041 ## - LANGUAGE CODE
Language code of text/sound track or separate title ben
082 ## - DEWEY DECIMAL CLASSIFICATION NUMBER
Edition number 23
Classification number 891.443
Author mark and year KAA 2010
100 1# - MAIN ENTRY--PERSONAL NAME
Personal name কাসেম, আবুল
9 (RLIN) 221216
245 10 - TITLE STATEMENT
Title অজেয় /
Statement of responsibility, etc. আবুল কাসেম
260 ## - PUBLICATION, DISTRIBUTION, ETC. (IMPRINT)
Place of publication, distribution, etc. ঢাকা :
Name of publisher, distributor, etc. অ্যাডন পাব ,
Date of publication, distribution, etc. ২০১০
300 ## - PHYSICAL DESCRIPTION
Pagination ২৭১ পৃ. :
Illustrations ছবি ;
Size ২২ সেমি.
504 ## - BIBLIOGRAPHY, ETC. NOTE
Bibliography, etc গ্রন্থপঞ্জি সংযোজিত
650 ## - SUBJECT ADDED ENTRY--TOPICAL TERM
Topical term or geographic name as entry element বাংলা উপন্যাস
9 (RLIN) 221217
Topical term or geographic name as entry element Bengali Ficion
9 (RLIN) 221218
942 ## - ADDED ENTRY ELEMENTS (KOHA)
Source of classification or shelving scheme Dewey Decimal Classification
Koha item type Books
Holdings
Lost status Source of classification or shelving scheme Damaged status Not for loan Collection code Permanent Location Current Location Shelving location Date acquired Source of acquisition Cost, normal purchase price Total Checkouts Full call number Date last seen Copy number Koha item type Date checked out
  Dewey Decimal Classification   Not For Loan Fiction Central Library, University of Rajshahi Central Library, University of Rajshahi Reading Room 23/03/2017 Rajshahi News Home 400.00   B 891.443 KAA 2010 22/04/2018 C-1 Books  
  Dewey Decimal Classification     Fiction Central Library, University of Rajshahi Central Library, University of Rajshahi   23/03/2017 Rajshahi News Home 400.00   B 891.443 KAA 2010 22/04/2018 C-2 Books  
  Dewey Decimal Classification     Fiction Central Library, University of Rajshahi Central Library, University of Rajshahi   23/03/2017 Rajshahi News Home 400.00 2 B 891.443 KAA 2010 04/02/2020 C-3 Books 20/01/2020